000 05477 a2200409 4500
008 090504t xxu||||| |||| 00| 0hin d
010 _aB-293743-759
020 _a8188529001
_c75.00
035 _aB-293743-759
037 _bसंस्कार प्रकाशन
040 _adpl
_bHIN
082 _a613.2
100 _aदेवव्रत आचार्य
245 _aसन्तुलित भोजन/
_cदेवव्रत आचार्य
260 _aदिल्ली
_bसंस्कार प्रकाशन
_c2007
270 _a4408, नई सड़क,
_bदिल्ली
_e110006
_cदिल्ली
300 _a111पृ,
_c22 सेमी (सजिल्द)
942 _adpl
_cHN
_k/ देवव्र
_2ddc
_h613.2
_m देवव्र
999 _c12863
_d12863